[Event "Reunion op 10th"]
[Site "St Denis"]
[Date "2008.10.15"]
[Round "5"]
[White "Roussel, Pierre Olivier"]
[Black "De Robillard, Vincent"]
[Result "1-0"]
[WhiteElo "1880"]
[BlackElo "1846"]
[PlyCount "111"]
[EventDate "2008.10.11"]
[EventType "swiss"]
[EventRounds "9"]
[EventCountry "RUF"]
[SourceTitle "EXT 2009"]
[Source "ChessBase"]
[SourceDate "2008.11.26"]
[SourceVersion "1"]
[SourceVersionDate "2008.11.26"]
[SourceQuality "1"]

1. e4 c5 2. Nf3 g6 3. d4 Bg7 4. c4 cxd4 5. Nxd4 d6 6. Nc3 Nc6 7. Be3 Nxd4 8. Bxd4 Nf6 9. Be2 0-0 10. 0-0 Be6 11. Qd2 Qa5 12. Rfd1 Rfc8 13. b3 Kf8 14. f3 Nd7 15. Bxg7+ Kxg7 16. Rac1 Qc5+ 17. Kh1 Nb6 18. f4 Bd7 19. f5 Qe5 20. Rf1 Bc6 21. Rce1 Nd7 22. Bf3 a5 23. Nd5 b5 24. Bg4 f6 25. fxg6 hxg6 26. Bxd7 Bxd7 27. Nb6 bxc4 28. Nxa8 c3 29. Qd5 Qxd5 30. exd5 Bb5 31. Nb6 Rc5 32. Nc4 Kf7 33. Rc1 Bxc4 34. bxc4 Rxc4 35. Rf3 c2 36. Rf2 Rd4 37. Rfxc2 Rxd5 38. Kg1 f5 39. Rb1 e5 40. a4 Rd4 41. Ra2 e4 42. Rb5 e3 43. Kf1 d5 44. Rxa5 Ke6 45. Ra6+ Ke5 46. Rxg6 Rc4 47. Ke2 f4 48. Rg8 d4 49. a5 Rc3 50. Rd8 Ke4 51. a6 d3+ 52. Rxd3 Rxd3 53. a7 Rd8 54. a8Q+ Rxa8 55. Rxa8 Kf5 56. Rg8 1-0

[Event "Reunion op 10th"]
[Site "St Denis"]
[Date "2008.10.12"]
[Round "2"]
[White "De Robillard, Vincent"]
[Black "Cazal, Julian"]
[Result "1-0"]
[WhiteElo "1846"]
[BlackElo "1010"]
[PlyCount "41"]
[EventDate "2008.10.11"]
[EventType "swiss"]
[EventRounds "9"]
[EventCountry "RUF"]
[SourceTitle "EXT 2009"]
[Source "ChessBase"]
[SourceDate "2008.11.26"]
[SourceVersion "1"]
[SourceVersionDate "2008.11.26"]
[SourceQuality "1"]

1. Nf3 Nf6 2. d4 d5 3. c4 Bg4 4. Ne5 dxc4 5. Nxg4 Nxg4 6. Qa4+ b5 7. Qxb5+ c6 8. Qxc4 e6 9. d5 Qf6 10. Qxg4 Bc5 11. e3 0-0 12. dxc6 Rd8 13. c7 Nc6 14. cxd8Q+ Rxd8 15. a3 Qe7 16. Be2 Qd7 17. 0-0 Bb6 18. Qa4 Qd6 19. Rd1 Qe5 20. Rxd8+ Nxd8 21. Qe8# 1-0

[Event "Reunion op"]
[Site "Reunion"]
[Date "2005.11.12"]
[Round "3"]
[White "De Robillard, Vincent"]
[Black "Henry, Laura"]
[Result "1-0"]
[WhiteElo "1650"]
[BlackElo "1350"]
[PlyCount "63"]
[EventDate "2005.11.11"]
[EventType "swiss"]
[EventRounds "9"]
[EventCountry "RUF"]
[SourceTitle "EXT 2008"]
[Source "ChessBase"]
[SourceDate "2007.11.25"]
[SourceVersion "1"]
[SourceVersionDate "2007.11.25"]
[SourceQuality "1"]

1. d4 d5 2. c4 Nf6 3. cxd5 Nxd5 4. e4 Nf6 5. Nc3 Nc6 6. d5 Nb4 7. a3 Na6 8. Nf3 Bg4 9. Qa4+ Bd7 10. Bb5 Nc5 11. Qc4 e6 12. b4 exd5 13. exd5 Qe7+ 14. Be3 Nce4 15. Nxe4 Nxe4 16. Bxd7+ Kxd7 17. Qb5+ Kc8 18. 0-0 a6 19. Qd3 b6 20. Rfc1 Kb7 21. Nd4 Nd6 22. a4 a5 23. bxa5 Rxa5 24. Nc6 Qf6 25. Nxa5+ bxa5 26. Rab1+ Kc8 27. Qa6+ Kd7 28. Rxc7+ Kxc7 29. Qc6+ Kd8 30. Rb8+ Nc8 31. Qxc8+ Ke7 32. Qc7# 1-0